Vavrišovo, lokalita Na Boroví. Adaptácia vybraných stodôl a návrh objektov novej vybavenosti

Salvato in:
Dettagli Bibliografici
Autore principale: Ševčík, Matej (Autore)
Altri autori: Polomová, Beata (Relatore della tesi)
Natura: Manoscritto Libro
Lingua:slovacco
Pubblicazione: Bratislava 2023
Soggetti:
Accesso online:http://is.stuba.sk/zp/portal_zp.pl?podrobnosti=172053
Tags: Aggiungi Tag
Nessun Tag, puoi essere il primo ad aggiungerne!!

MARC

LEADER 00000ntm a22000003a 4500
001 stuzp93737
003 SK-STU
005 20231010103312.2
007 ta
008 150427s2015----xo-----f-mn---000-0-slo-d
040 |a STU  |b slo 
041 0 |a slo 
100 1 |a Ševčík, Matej  |u 053130  |4 aut  |U FAD Fakulta architektúry a dizajnu  |T FAD Ústav dejín a teórie architektúry a obnovy pamiatok  |X 93669  |U A3130  |Y 394  |7 93669 
242 0 1 |a Vavrišovo, location Na Boroví. Adaptation of selected barns and design of new facilities  |y eng 
245 1 0 |a Vavrišovo, lokalita Na Boroví. Adaptácia vybraných stodôl a návrh objektov novej vybavenosti 
260 |c 2023  |a Bratislava 
650 4 |a stodola  |2 slo 
650 4 |a adaptácia  |2 slo 
650 4 |a Vavrišovo  |2 slo 
650 4 |a cyklopoint  |2 slo 
650 4 |a infopoint  |2 slo 
650 4 |a Vavrišovo  |2 eng 
650 4 |a cyclepoint  |2 eng 
650 4 |a infopoint  |2 eng 
650 4 |a barn  |2 eng 
650 4 |a adaptation  |2 eng 
700 1 |a Polomová, Beata  |u 053130  |k Z1  |4 ths  |U FAD Fakulta architektúry a dizajnu  |T FAD Ústav dejín a teórie architektúry a obnovy pamiatok  |X 4781  |U A3130  |Y 394  |7 A000004781 
856 4 |u http://is.stuba.sk/zp/portal_zp.pl?podrobnosti=172053  |u https://opac.crzp.sk/?fn=detailBiblioForm&sid=2D2C61E4341E53665F65163BFA9A